000 00564cam a2200217ua 4500
001 8483
005 20260515114336.0
008 150205n ii |||gr||||Z||||||asm
040 _cMAIN
041 _aasm
082 _a070.4
100 _aChattopadhyay, Partha,
_eAuthor.
245 _aBishay Sangbadikataa
_cby Partha Chattopadhyay
250 _a2nd.
260 _aGuwahati:
_bBina library,
_c2009.
300 _a360p.
653 _aNews media, journalism & publishing
653 _aJournalism
700 _aChakraborty, Prasanta,
_eTranslator.
942 _cBK
999 _c7585
_d7585